Sirene e altri mostri Donne della mitologia che sfidano il potere maschile

Salvato in:
Dettagli Bibliografici
Autore principale: Jess Zimmerman
Natura: Libro
Lingua:lingua imprecisata
Pubblicazione: Blackie Edizioni
Tags: Aggiungi Tag
Nessun Tag, puoi essere il primo ad aggiungerne!!

MARC

LEADER 00000nam a2200000Ia 4500
001 R-1552
003 CODICE-MESSINA
005 20260212102509.0
008 260211s9999 xx 000 0 und d
040 |c importazione_messina 
100 |a Jess Zimmerman 
245 0 |a Sirene e altri mostri 
245 0 |b Donne della mitologia che sfidano il potere maschile 
260 |b Blackie Edizioni 
942 |2 ddc  |c BK 
952 |0 0  |1 0  |2 ddc  |4 0  |6 SCAFFALE_15_000000000000000__LGBT_S_R  |7 0  |9 32390  |a ME  |b ME  |d 2026-02-11  |l 0  |o SCAFFALE 15 - LGBT S.R.  |p R-1552  |r 2026-02-11 23:53:09  |w 2026-02-11  |x [REVISIONARE]  |y BK 
999 |c 28057  |d 28057